000 00444 a2200133 4500
000 nam a22 7a 4500
100 _aहरिकेश
110 _aहरिकेश
245 _aअज्ञेय के साहित्य में प्रयोग धर्मिता
250 _aLatest edition
260 _bआर पब्लिकेशन
_c2024
264 _bआर पब्लिकेशन
_c2024
942 _cBK
999 _c396683
_d396683